| 000 | 00563nam a22001817a 4500 | ||
|---|---|---|---|
| 003 | OSt | ||
| 005 | 20251208121757.0 | ||
| 008 | 251208b |||||||| |||| 00| 0 eng d | ||
| 020 | _a9781119770794 | ||
| 040 |
_cKABLIB _dKABLIB |
||
| 082 |
_223 _a543 _bCHR |
||
| 100 |
_aChristian, Gary D. _914745 |
||
| 245 |
_aAnalytical Chemistry: _bINTERNATIONAL ADAPTATION _cGary D. Christian, Purnendu K. (Sandy) Dasgupta, Kevin A. Schug |
||
| 250 |
_a7 ed. _b7th edition (2014) |
||
| 260 |
_aHoboken _bWiley _c2020 |
||
| 300 |
_axxiv, 928p; _bill _c27cm |
||
| 942 |
_2ddc _cBOOK _e7 ed. |
||
| 999 |
_c5847 _d5847 |
||